000 00428 a2200157 4500
001 74328
020 _a9788576755425
040 _cAnchieta - Colégio São Paulo
100 _aJúlio, Silvana Rossi
240 1 0 _aAprender Juntos Português, 1º Ano: ensino fundamental 1
_lpor
245 1 0 _aAprender Juntos Português, 1º Ano: ensino fundamental 1
300 _a168
362 0 _a2010
650 4 _aPortuguês
942 _cBK
999 _c74328
_d74328